Selected papers on differential equations and analysis

Αποθηκεύτηκε σε:
Λεπτομέρειες βιβλιογραφικής εγγραφής
Μορφή: Βιβλίο
Γλώσσα:English
Δημοσίευση: Providence, R.I. : American Mathematical Society, c2005
Σειρά:American Mathematical Society translations ; ; 215; Series 2
Θέματα:
Ετικέτες: Προσθήκη ετικέτας
Δεν υπάρχουν, Καταχωρήστε ετικέτα πρώτοι!

MARC

LEADER 00000nam a2200000 i 4500
001 1/80307
008 080403s2005 eng d
020 |a 0-8218-3927-6 
035 |l 10096181 
040 |a GR-MY-UA  |b gre  |e aacr 
041 0 |a eng 
082 0 |a 515.35  |2 (22) 
245 1 0 |a Selected papers on differential equations and analysis 
260 |a Providence, R.I. :   |b American Mathematical Society,   |c c2005 
300 |a viii, 145 σ.;  |b εικ.;  |c 26 εκ. 
490 1 |a American Mathematical Society translations  |v ; 215 
500 |a "{Translations of articles} originally published in the journal S-ugaku"--Foreword 
504 |a Περιέχει βιβλιογραφικές παραπομπές 
650 0 0 |a Differential equations. 
650 0 0 |a Functional analysis. 
650 0 0 |a Operator algebras. 
650 0 0 |a Potential theory (Mathematics) 
830 0 |a American Mathematical Society translations ;  |v ; 215; Series 2 
852 |a INST  |b SAMOS  |e 20080403  |h 515.35 SEL  |p 005300026505  |q 005300026505  |t BK  |y 0 
901 |a BIBL3-2008-1 
909 |a Σ  |b 145592 
922 |a 3ΕΛΗ  |b 200801  |c ΕΠΕΑΕΚ2/ΤΜΗΜΑ ΜΑΘΗΜΑΤΙΚΩΝ  |d ΕΛΕΥΘΕΡΟΥΔΑΚΗΣ 
970 |a ΡΟΥΣΣΟΥ  |b ΚΩΝΣΤΑΝΤΙΝΑ  |z 2008/04/03